Central Library OPAC University of Rajshahi

Selected works of N.V. Gadgil : (Record no. 24106)

MARC details
000 -LEADER
fixed length control field 00956nam a2200289Ia 4500
001 - CONTROL NUMBER
control field 24106
003 - CONTROL NUMBER IDENTIFIER
rucl marc code BD-RjUL
005 - DATE AND TIME OF LATEST TRANSACTION
control field 20211209001018.0
008 - FIXED-LENGTH DATA ELEMENTS--GENERAL INFORMATION
fixed length control field 041108m1994uuuuii 000 0 eng d
035 ## - SYSTEM CONTROL NUMBER
System control number (OCoLC)ocm56928973
System control number (BD-RjUL)24172
040 ## - CATALOGING SOURCE
Original cataloging agency ZCU
Transcribing agency ZCU
Language of cataloging eng
Modifying agency BD-RjUL
041 ## - LANGUAGE CODE
Language code of text/sound track or separate title eng
082 04 - DEWEY DECIMAL CLASSIFICATION NUMBER
Classification number 923.2
Author mark and year GAS V-3 1997
100 1# - MAIN ENTRY--PERSONAL NAME
Personal name Gadgil, N V.
Dates associated with a name 1896-1966.
9 (RLIN) 74261
245 10 - TITLE STATEMENT
Title Selected works of N.V. Gadgil :
Remainder of title First series /
Statement of responsibility, etc. N V Gadgil; Ravindra Kumar; N.V. Gadgil National Society.
Number of part/section of a work Volume third
260 ## - PUBLICATION, DISTRIBUTION, ETC. (IMPRINT)
Place of publication, distribution, etc. Meerut :
Name of publisher, distributor, etc. N.V. Gadgil National Society,
Date of publication, distribution, etc. c1997.
300 ## - PHYSICAL DESCRIPTION
Pagination 231 p. ;
Size 25 cm.
504 ## - BIBLIOGRAPHY, ETC. NOTE
Bibliography, etc Includes index.
650 #0 - SUBJECT ADDED ENTRY--TOPICAL TERM
Topical term or geographic name as entry element history
Form subdivision political conditions
Chronological subdivision 20c -- 1920p -- 1930p -- 1940p.
9 (RLIN) 74262
651 #0 - SUBJECT ADDED ENTRY--GEOGRAPHIC NAME
Geographic name India
Geographic subdivision South Asia.
9 (RLIN) 74263
700 1# - ADDED ENTRY--PERSONAL NAME
Personal name Kumar, Ravindra,
Dates associated with a name 1959-
710 2# - ADDED ENTRY--CORPORATE NAME
Corporate name or jurisdiction name as entry element Gadgil National Society.
9 (RLIN) 74265
942 ## - ADDED ENTRY ELEMENTS (KOHA)
Source of classification or shelving scheme Dewey Decimal Classification
Koha item type Books
Holdings
Lost status Source of classification or shelving scheme Damaged status Not for loan Collection code Permanent Location Current Location Shelving location Date acquired Source of acquisition Total Checkouts Full call number Date last seen Copy number Koha item type
  Dewey Decimal Classification   Added to bundle Non-fiction Central Library, University of Rajshahi Central Library, University of Rajshahi Reading Room 14/12/1999 V. C. Office   923.2 GAS V-3 1997 12/03/2014 C-1 Books